| 000 -LEADER |
| fixed length control field |
01471nam a22004097a 4500 |
| 001 - CONTROL NUMBER |
| control field |
1632671 |
| 003 - CONTROL NUMBER IDENTIFIER |
| control field |
OSt |
| 005 - DATE AND TIME OF LATEST TRANSACTION |
| control field |
20210426120201.0 |
| 008 - FIXED-LENGTH DATA ELEMENTS--GENERAL INFORMATION |
| fixed length control field |
960118s1996 nyu b 001 0 eng |
| 010 ## - LIBRARY OF CONGRESS CONTROL NUMBER |
| LC control number |
96000144 |
| 020 ## - INTERNATIONAL STANDARD BOOK NUMBER |
| International Standard Book Number |
0684809125 |
| 040 ## - CATALOGING SOURCE |
| Original cataloging agency |
DLC |
| Transcribing agency |
DLC |
| Modifying agency |
DLC |
| Language of cataloging |
eng |
| 041 ## - LANGUAGE CODE |
| Language code of text/sound track or separate title |
eng |
| 043 ## - GEOGRAPHIC AREA CODE |
| Geographic area code |
e-ur-ru |
| 050 00 - LIBRARY OF CONGRESS CALL NUMBER |
| Classification number |
DK510.762 |
| Item number |
.R36 1996 |
| 080 ## - UNIVERSAL DECIMAL CLASSIFICATION NUMBER |
| Universal Decimal Classification number |
821.111 |
| Item number |
R-20 |
| 082 00 - DEWEY DECIMAL CLASSIFICATION NUMBER |
| Classification number |
947 |
| Edition number |
20 |
| 100 1# - MAIN ENTRY--PERSONAL NAME |
| Personal name |
Randolph, Eleanor. |
| 245 10 - TITLE STATEMENT |
| Title |
Waking the tempests : |
| Remainder of title |
ordinary life in the new Russia / |
| Statement of responsibility, etc. |
/ by: Simon & Schuster |
| 260 ## - PUBLICATION, DISTRIBUTION, ETC. |
| Place of publication, distribution, etc. |
New York : |
| Name of publisher, distributor, etc. |
Simon & Schuster |
| Date of publication, distribution, etc. |
1996. |
| 300 ## - PHYSICAL DESCRIPTION |
| Extent |
431 p. |
| Dimensions |
24 cm. |
| 365 ## - TRADE PRICE |
| Price amount |
26 usd |
| 504 ## - BIBLIOGRAPHY, ETC. NOTE |
| Bibliography, etc. note |
Includes bibliographical references (p. 391-410) and index. |
| 600 10 - SUBJECT ADDED ENTRY--PERSONAL NAME |
| Personal name |
Randolph, Eleanor |
| General subdivision |
Travel |
| Geographic subdivision |
Russia (Federation) |
| 650 #0 - SUBJECT ADDED ENTRY--TOPICAL TERM |
| Topical term or geographic name entry element |
Post-communism |
| Geographic subdivision |
Russia (Federation) |
| 650 #0 - SUBJECT ADDED ENTRY--TOPICAL TERM |
| Topical term or geographic name entry element |
English literature |
| 9 (RLIN) |
247 |
| 651 #0 - SUBJECT ADDED ENTRY--GEOGRAPHIC NAME |
| Geographic name |
Russia (Federation) |
| General subdivision |
Civilization. |
| 651 #0 - SUBJECT ADDED ENTRY--GEOGRAPHIC NAME |
| Geographic name |
Russia (Federation) |
| General subdivision |
Social life and customs. |
| 651 #0 - SUBJECT ADDED ENTRY--GEOGRAPHIC NAME |
| Geographic name |
Russia (Federation) |
| General subdivision |
Social conditions |
| Chronological subdivision |
1991- |
| 651 #0 - SUBJECT ADDED ENTRY--GEOGRAPHIC NAME |
| Geographic name |
Russia (Federation) |
| General subdivision |
Description and travel. |
| 653 ## - INDEX TERM--UNCONTROLLED |
| Uncontrolled term |
ინგლისური ლიტერატურა |
| 653 ## - INDEX TERM--UNCONTROLLED |
| Uncontrolled term |
პოსტკომუნიზმი |
| 653 ## - INDEX TERM--UNCONTROLLED |
| Uncontrolled term |
რუსეთი |
| 906 ## - LOCAL DATA ELEMENT F, LDF (RLIN) |
| a |
7 |
| b |
cbc |
| c |
orignew |
| d |
1 |
| e |
ocip |
| f |
19 |
| g |
y-gencatlg |
| 942 ## - ADDED ENTRY ELEMENTS (KOHA) |
| Source of classification or shelving scheme |
|
| Koha item type |
Books |